Strena praehistorica : Festgabe zum 60. Geburtstag von Martin Jahn
Gespeichert in:
| Mitwirkende: | |
|---|---|
| Dokumenttyp: | Buch |
| Sprache: | German |
| Veröffentlicht: |
Halle/Saale
: Niemeyer
, 1948
|
| Schlagwörter: | |
| Online Zugang: | Inhaltsverzeichnis Inhaltsverzeichnis |
| Bibliogr. Hinweis: | Erscheint auch als:
Die seltsamen Schicksale einiger Oberlausitzer Bronzegegenstände und deren Stellung im Rahmen der bronzezeitlichen Geschichte Rezensiert in: [Rezension von: Strena Praehistorica, Festgabe zum 60. Geburtstage von M. Jahn] |
| Verantwortlich: | hrsg. im Namen seiner Schüler von Klaus Schwarz. Zugl. gewidmet f. Vorgesch. in Halle/Saale 1948 anlässl. d. 125jährigen Bestehens d. Landesmuseums |
| LEADER | 04364cam a2200625 c 4500 | ||
|---|---|---|---|
| 001 | 1076498892 | ||
| 003 | DE-627 | ||
| 005 | 20260618125931.0 | ||
| 007 | tu | ||
| 008 | 850101s1948 xx ||||| 00| ||ger c | ||
| 035 | |a (DE-627)1076498892 | ||
| 035 | |a (DE-603)060908262 | ||
| 035 | |a (DE-576)006498892 | ||
| 035 | |a (DE-599)BSZ006498892 | ||
| 035 | |a (OCoLC)720366292 | ||
| 035 | |a (OCoLC)720366292 | ||
| 035 | |a (OCoLC)02354974 | ||
| 035 | |a (OCoLC)2354974 | ||
| 035 | |a (DE-604)8050641417 | ||
| 040 | |a DE-627 |b ger |c DE-627 |e rakwb | ||
| 041 | |a ger | ||
| 084 | |a NF 1265 |2 rvk |0 (DE-625)rvk/125211:1202 | ||
| 084 | |a NF 1063 |2 rvk |0 (DE-625)rvk/125188: | ||
| 084 | |a NK 8200 |2 rvk |0 (DE-625)rvk/126249: | ||
| 084 | |a NF 1305 |2 rvk |0 (DE-625)rvk/125211:1212 | ||
| 084 | |a 15.19 |2 bkl | ||
| 084 | |a 15.19 |2 bkl | ||
| 245 | 0 | 0 | |a Strena praehistorica |b Festgabe zum 60. Geburtstag von Martin Jahn |c hrsg. im Namen seiner Schüler von Klaus Schwarz. Zugl. gewidmet f. Vorgesch. in Halle/Saale 1948 anlässl. d. 125jährigen Bestehens d. Landesmuseums |
| 264 | 1 | |a Halle/Saale |b Niemeyer |c 1948 | |
| 300 | |a 253 S. | ||
| 336 | |a Text |b txt |2 rdacontent | ||
| 337 | |a ohne Hilfsmittel zu benutzen |b n |2 rdamedia | ||
| 338 | |a Band |b nc |2 rdacarrier | ||
| 500 | |a Festschrift Martin Jahn | ||
| 655 | 7 | |a Festschrift |0 (DE-588)4016928-5 |0 (DE-627)104400986 |0 (DE-576)208917802 |2 gnd-content | |
| 700 | 1 | |a Schwarz, Klaus |d 1915-1985 |e Hrsg. |0 (DE-588)1070537446 |0 (DE-627)823989054 |0 (DE-576)430184921 |4 edt | |
| 700 | 1 | |a Jahn, Martin |d 1888-1974 |e GefeierteR |0 (DE-588)117065242 |0 (DE-627)078520029 |0 (DE-576)291083668 |4 hnr | |
| 776 | 0 | 8 | |i Erscheint auch als |n Druck-Ausgabe |a Smolla, Günter, 1919 - 2006 |t Die seltsamen Schicksale einiger Oberlausitzer Bronzegegenstände und deren Stellung im Rahmen der bronzezeitlichen Geschichte |d Halle/Saale : Niemeyer, 1948 |h S. 91 - 133, [2] Bl. |w (DE-627)1187249289 |w (DE-576)117249289 |
| 787 | 0 | 8 | |i Rezensiert in |a Tackenberg, Kurt, 1899 - 1992 |t [Rezension von: Strena Praehistorica, Festgabe zum 60. Geburtstage von M. Jahn] |d Kevelaer, Rhld. : Verlag Butzon & Berker, 1950 |w (DE-627)1728614376 |
| 856 | 4 | 2 | |u https://swbplus.bsz-bw.de/bsz006498892inh.htm |m V:DE-576 |q application/pdf |v 2007-07-13 |3 Inhaltsverzeichnis |7 1 |
| 856 | 4 | 2 | |u http://scans.hebis.de/HEBCGI/show.pl?06090826_toc.pdf |m V:DE-576 |q application/pdf |3 Inhaltsverzeichnis |7 1 |
| 935 | |a SAXB | ||
| 936 | r | v | |a NF 1265 |b Einzelbeiträge |k Geschichte |k Ur- und Frühgeschichte / Prähistorische Archäologie |k Allgemeine und europäische Ur- und Frühgeschichte nach Epochen |k Zeitlich übergreifende Darstellungen |k Europa |k Mitteleuropa (Deutschland, Österreich, Schweiz) |k Deutschland |k Einzelbeiträge |0 (DE-627)1270876007 |0 (DE-625)rvk/125211:1202 |0 (DE-576)200876007 |
| 936 | r | v | |a NF 1063 |b Festschriften |k Geschichte |k Ur- und Frühgeschichte / Prähistorische Archäologie |k Allgemeines |k Festschriften |0 (DE-627)1392980895 |0 (DE-625)rvk/125188: |0 (DE-576)322980895 |
| 936 | r | v | |a NK 8200 |b Historiker-Festschriften und Aufsatzsammlungen von Historikern, Allgemeines |k Geschichte |k Weltgeschichte, Darstellungen Allgemeine Geschichte einzelner Staaten und Völker Teilgebiete der Geschichte, Sammelwerke |k Allgemeine Sammelwerke und Sammelbiografien |k Historiker-Festschriften und Aufsatzsammlungen von Historikern |k Historiker-Festschriften und Aufsatzsammlungen von Historikern, Allgemeines |0 (DE-627)1270875841 |0 (DE-625)rvk/126249: |0 (DE-576)200875841 |
| 936 | r | v | |a NF 1305 |b Einzelbeiträge |k Geschichte |k Ur- und Frühgeschichte / Prähistorische Archäologie |k Allgemeine und europäische Ur- und Frühgeschichte nach Epochen |k Zeitlich übergreifende Darstellungen |k Europa |k Mitteleuropa (Deutschland, Österreich, Schweiz) |k Deutschland |k West- und Mitteldeutschland |k Einzelbeiträge |0 (DE-627)1399013947 |0 (DE-625)rvk/125211:1212 |0 (DE-576)329013947 |
| 936 | b | k | |a 15.19 |j Vor- und Frühgeschichte |q coli-conc RVK->BK |q https://coli-conc.gbv.de/api/mappings/75cc445c-571d-40a5-a765-030d7671b9ad |0 (DE-627)10640329X |
| 936 | b | k | |a 15.19 |j Vor- und Frühgeschichte |q coli-conc RVK->BK |q https://coli-conc.gbv.de/api/mappings/86628ea8-ce7c-4261-a534-79c6ddd79ae8 |0 (DE-627)10640329X |
| 936 | s | n | |a n100 |2 mzub |
| 936 | s | n | |a l200 |2 mzub |
| 936 | s | n | |a e400 |2 mzub |
| 936 | s | n | |a n400 |2 mzub |
| 951 | |a BO | ||
| 991 | |a Rezensiertes Werk | ||
| 999 | |a KXP-PPN1076498892 |e 4738503073 | ||


